| 000 | 00378nam a22001337a 4500 | ||
|---|---|---|---|
| 040 | _cNUST | ||
| 082 | _a200 THE | ||
| 100 |
_aMuhammad Haris _9118438 |
||
| 110 |
_aSupervisor Dr. Hassan Elahi _9118439 |
||
| 245 | _aTH-SOF-2210-Surface Crack Segmentation Using Machine Learning | ||
| 260 |
_aISLAMABAD: _bNUST COLLEGE OF EME, _c2023. |
||
| 650 | _aMS-MTS-19 | ||
| 942 |
_2ddc _cTHE |
||
| 999 |
_c603384 _d603384 |
||